New International Poverty Reduction Strategies (Record no. 5376)
[ view plain ]
| 000 -LEADER | |
|---|---|
| fixed length control field | 00628nam a22002057a 4500 |
| 003 - CONTROL NUMBER IDENTIFIER | |
| control field | OSt |
| 005 - DATE AND TIME OF LATEST TRANSACTION | |
| control field | 20161024182846.0 |
| 008 - FIXED-LENGTH DATA ELEMENTS--GENERAL INFORMATION | |
| fixed length control field | 161024b xxu||||| |||| 00| 0 eng d |
| 020 ## - INTERNATIONAL STANDARD BOOK NUMBER | |
| International Standard Book Number | 0415406943 |
| 040 ## - CATALOGING SOURCE | |
| Transcribing agency | DDC |
| 082 ## - DEWEY DECIMAL CLASSIFICATION NUMBER | |
| Classification number | 362.5 NEW 2003 |
| 100 ## - MAIN ENTRY--PERSONAL NAME | |
| Personal name | Edited by Jean-Pierre, Cling; Mireille, Razafindrakoto; Francois, Roubaud |
| 9 (RLIN) | 11242 |
| 245 ## - TITLE STATEMENT | |
| Title | New International Poverty Reduction Strategies |
| 260 ## - PUBLICATION, DISTRIBUTION, ETC. (IMPRINT) | |
| Place of publication, distribution, etc. | London; Routledge, 2003 |
| 300 ## - PHYSICAL DESCRIPTION | |
| Extent | xxii,394p; ill: 24cm |
| 504 ## - BIBLIOGRAPHY, ETC. NOTE | |
| Bibliography, etc | Notes, references, & index included |
| 650 ## - SUBJECT ADDED ENTRY--TOPICAL TERM | |
| Topical term or geographic name as entry element | Poverty reduction |
| 9 (RLIN) | 5869 |
| 650 ## - SUBJECT ADDED ENTRY--TOPICAL TERM | |
| Topical term or geographic name as entry element | Economic strategies |
| 9 (RLIN) | 11243 |
| 942 ## - ADDED ENTRY ELEMENTS (KOHA) | |
| Source of classification or shelving scheme | Other/Generic Classification Scheme |
| Koha item type | Open Shelf |
| Withdrawn status | Lost status | Source of classification or shelving scheme | Damaged status | Not for loan | Home library | Current library | Date acquired | Source of acquisition | Inventory number | Total Checkouts | Full call number | Barcode | Date last seen | Koha item type |
|---|---|---|---|---|---|---|---|---|---|---|---|---|---|---|
| Dewey Decimal Classification | MUST Main Library | MUST Main Library | 24/10/2016 | 16/39959 | 362.5 NEW 2003 | 2016-4880 | 24/10/2016 | Open Shelf | ||||||
| Dewey Decimal Classification | MUST Main Library | MUST Main Library | 24/10/2016 | 16/39960 | 362.5 NEW 2003 | 2016-4881 | 24/10/2016 | Open Shelf | ||||||
| Dewey Decimal Classification | MUST Main Library | MUST Main Library | 24/10/2016 | 16/39961 | 362.5 NEW 2003 | 2016-4882 | 24/10/2016 | Open Shelf | ||||||
| Dewey Decimal Classification | MUST Main Library | MUST Main Library | 24/10/2016 | 16/39962 | 362.5 NEW 2003 | 2016-4883 | 24/10/2016 | Open Shelf | ||||||
| Dewey Decimal Classification | MUST Main Library | MUST Main Library | 24/10/2016 | 16/39963 | 362.5 NEW 2003 | 2016-4884 | 24/10/2016 | Open Shelf |
